000
00370nam a2200145Ia 4500
008
100122s9999 xx 000 0 und d
082
_b
52523
_a
823.08
100
_a
मराठे अनंत
245
_a
आंधळा
260
_b
अ. स. मराठे
_c
1996
300
_a
124
630
_a
आंधळा
730
_a
आंधळा
942
_c
BOOK
999
_c
429699
_d
429696